Bài giảng Matlab giải phương trình đạo hàm riêng dùng GUI ( Graphical User Interface )
Bài giảng gồm 2 chương giới thiệu về giao diện đồ hoạ người dùng (GUI) và giải phương trình đạo hàm riêng dùng GUI.
Saved in:
| Main Author: | |
|---|---|
| Format: | Book |
| Language: | Undetermined |
| Published: |
Cần Thơ
Trường Đại học Cần Thơ
2000
|
| Subjects: | |
| Tags: |
Add Tag
No Tags, Be the first to tag this record!
|
| Institutions: | Trung tâm Học liệu Trường Đại học Cần Thơ |
|---|
| LEADER | 00969nam a2200229Ia 4500 | ||
|---|---|---|---|
| 001 | CTU_43838 | ||
| 008 | 210402s9999 xx 000 0 und d | ||
| 082 | |a 512.50285 | ||
| 082 | |b S300 | ||
| 100 | |a Vương, Tấn Sĩ | ||
| 245 | 0 | |a Bài giảng Matlab giải phương trình đạo hàm riêng dùng GUI ( Graphical User Interface ) | |
| 245 | 0 | |c Vương Tấn Sĩ (Biên soạn) | |
| 260 | |a Cần Thơ | ||
| 260 | |b Trường Đại học Cần Thơ | ||
| 260 | |c 2000 | ||
| 520 | |a Bài giảng gồm 2 chương giới thiệu về giao diện đồ hoạ người dùng (GUI) và giải phương trình đạo hàm riêng dùng GUI. | ||
| 526 | |a TT. Kỹ thuật điện tử 1 | ||
| 526 | |b SP350 | ||
| 650 | |a Differential equations,Matlab ( computer program language ) | ||
| 650 | |x Outlines, syllabi, etc | ||
| 904 | |i Minh,Hải | ||
| 980 | |a Trung tâm Học liệu Trường Đại học Cần Thơ | ||